000 01457nam a22003737a 4500
003 CHAP
005 20220817042138.0
008 971013s1981 r 00010 d
010 _a36006
011 _a36978
035 _a41097
040 _cCHAP
082 _a338.972
_bM49
110 _aMéxico. Coordinación General de los Servicios Nacionales de Estadística, Geografía e Informática
_976893
245 _aModelo insumo-producto
260 _aMéxico, D.F. :
_bLa Coordinación,
_c1981
300 _a3 v
490 _aSerie de lecturas
_v; 1
500 _aLa biblioteca tiene: v.2,3
505 _aContenido: v.1 Bases teóricas y aplicaciones generales.- v.2 Bases teóricas y aplicaciones especiales.- v.3 Bases teóricas y aplicaciones sectoriales
590 _aBATCH-UPD
_b10
_c20130110
_lUCH01
_h1236
590 _aBATCH-UPD
_b10
_c20130410
_lUCH01
_h0804
590 _aBATCH-UPD
_b10
_c20130914
_lUCH01
_h1231
590 _aCONVERSION
_b10
_c20130109
_lUCH01
_h1320
650 1 4 _aEconomía.
_935226
650 1 4 _aMéxico
_xCondiciones económicas.
650 1 4 _aPolítica económica
_zMéxico.
_990535
830 0 _aSerie de lecturas
_v; 1
_9104749
901 _aBK
942 _cLIBRO
949 _a338.972 M49
_bBC
_cLIBRO
_d33724000119533
_eLIBRO
_fv.2
_h60101
_i41097
_si
949 _a338.972 M49
_bBC
_cLIBRO
_d33724000119541
_eLIBRO
_fv.3
_h60102
_i41097
_si
949 _a338.972 M49
_bBC
_cLIBRO
_d33724000119558
_eLIBRO
_fv.3 c.2
_h60103
_i41097
_si
999 _c36006
_d36006